• 首页
  • 本馆介绍
  • 公告通知
  • 最新文献
  • 馆藏检索
  • 电子资源
  • 读者导购
  • 参考咨询
  • 我的图书馆
  • 登录
  • 详细信息显示
  • 放入我的书架
  • 预约/预借图书
  • 作者相关作品
  • 分类相关作品
  • 丛书相关作品
  • 出版社相关作品

书目信息

  • 表格格式
  • 工作单格式
  • 卡片格式
题名:
养羊技术指导
    
 
作者: 范涛
分册:  
出版信息: 北京   金盾出版社  1986
页数: 136
开本: 19cm
丛书名: 全国"星火计划"丛书
单 册:
中图分类: S862
科图分类:
主题词: 狩猎 , 野生动物--驯养
电子资源:
ISBN: 7-80022-237-3
000 00598nam0 2200229 450
001 0741144344
005 20070817112544.34
010    @a7-80022-237-3@d¥1.60
100    @a20070817d km y0chiy0120 ea
101 0  @achi
200 1  @a养羊技术指导@Ayang yang ji shu zhi dao@f范涛@Ffan tao
205    @a2版
210    @a北京@c金盾出版社@d1986
215    @a136@d19cm
225 2  @a全国"星火计划"丛书
410  0 @12001 @a全国"星火计划"丛书
606 0  @a狩猎
606 0  @a野生动物@x驯养
690    @aS862@v3
701  0 @a范涛@Afan tao
801  0 @aCN@bPFT@c20070817
905    @a213230@dS862@en1@f1
    
    养羊技术指导/范涛.-2版.-北京:金盾出版社,1986
    136;19cm.-(全国"星火计划"丛书)
    
    
    ISBN 7-80022-237-3:¥1.60
    
●
相关链接 在E读中查询图书 在五车中查询图书 在当当中查询图书 在豆瓣中查询图书


正题名:养羊技术指导     索取号:S862/n1         预约/预借

序号 登录号 条形码 馆藏地/架位号 状态 备注
1 6601010   266010103   生命科学系资料室/ [索取号:S862/n1] 在馆    
唐山师范学院图书馆 欢迎您!
大连网信软件有限公司© 版权所有